000 00688cam a2200241 4500
001 J3279
008 090401t1995 xxu||||| |||| 00| 0 eng d
035 _a(Sirsi) u54060
041 _aeng
050 _a711.10212
110 _aUnited Kingdom
_bDepartment of the Environment
_9982
245 _aDevelopment control statistics: England 1993/94.
260 _aLondon
_bDepartment of the Environment
_c1995
300 _aiv,78p. : ill.,maps ; 30cm.
350 _a9.5
650 _aDEVELOPMENT CONTROL
650 _aPLANNING APPEALS
650 _aPLANNING APPLICATIONS
650 _aPLANNING DECISIONS
690 _aPLANNING LAW AND PRACTICE
942 _n0
948 _c04/03/1997
999 _c93410
_d93410